| 000 | 00449nam a2200133 4500 | ||
|---|---|---|---|
| 008 | 021213s1978 us eng | ||
| 090 |
_aBS1192.5 _bOe5t |
||
| 100 | 1 | _aOehler, Gustav Friedrich | |
| 245 | 1 | 0 |
_aTheology of the Old Testament / _cGustav Friedrich Oehler. |
| 260 |
_aMinnesota : _bKlock and Klock, _cc1978. |
||
| 300 | _a593 p. | ||
| 650 | 4 |
_aBible. O.T. _xTheology. |
|
| 951 |
_p6239 _x00002870 _oBS1192.5/Oe5t _j070613111157859 _d2000-12-21 _cGC |
||
| 999 |
_c13494 _d13494 |
||